Datum a čas kvízu
31.5
Celkem bodů
Celkový počet nahraných bodů na tomto kvízu bez doplňovacích otázek.
2.
Pořadí na kvízu
Konečné umístění týmu na tomto kvízu.
Zaznamenané odpovědi
| # | Otázka | Odpověď | Body | Výsledky |
|---|---|---|---|---|
| 1. | Ve středu přijali poslanci nov... | přiosvojení | 1 | |
| 2. | Jistá země od noci na pátek na... | Kazachstán | 0 | |
| 3. | Minulý týden jsme se dozvěděli... | kameraman | 0 | |
| 4. | Úřad pro ochranu hospodářské s... | Pernod Ricard | 0 | |
| 5. | Jak se jmenuje dosavadní šéf Č... | Ivo Kaderka | 0 | |
| 6. | Napište český i latinský název... | kost stehenní, femur (os femoris) | 1 | |
| 7. | Ve kterém českém městě najdeme... | v Brně | 0 | |
| 8. | Hlavní postava seriálu Sběrate... | Booth | 1 | |
| 9. | Která párová kost u psů a koní... | klíční kost (clavicula) | 1 | |
| 10. | V září roku 2012 byla pod park... | Richard III. | 1 |